Normal view
MARC view
Entry Personal Name
001 - CONTROL NUMBER
- control field: 14652
003 - CONTROL NUMBER IDENTIFIER
- control field: ARRUPE
005 - DATE AND TIME OF LATEST TRANSACTION
- control field: 20150126171800.0
008 - FIXED-LENGTH DATA ELEMENTS
- fixed length control field: 150126|| aca||aabn | a|a d
040 ## - CATALOGING SOURCE
- Original cataloging agency: ARRUPE
- Transcribing agency: ARRUPE
100 ## - HEADING--PERSONAL NAME
- Personal name: Jacob, Pierre,
- Dates associated with a name: 1949-
670 ## - SOURCE DATA FOUND
- Source citation: Work cat.: (ARRUPE)0: Jacob, Pierre, 1949-, Ways of seeing :, 2003.